<?xml version="1.0" encoding="UTF-8"?>
<record
    xmlns:xsi="http://www.w3.org/2001/XMLSchema-instance"
    xsi:schemaLocation="http://www.loc.gov/MARC21/slim http://www.loc.gov/standards/marcxml/schema/MARC21slim.xsd"
    xmlns="http://www.loc.gov/MARC21/slim">

  <leader>01212nam2a22002531  4500</leader>
  <controlfield tag="001">rc\6442</controlfield>
  <controlfield tag="005">20250620112249.0</controlfield>
  <datafield tag="010" ind1=" " ind2=" ">
    <subfield code="a">5-89975-025-3</subfield>
    <subfield code="9">200000</subfield>
  </datafield>
  <datafield tag="035" ind1=" " ind2=" ">
    <subfield code="a">(NLR Aleph) 005296233</subfield>
  </datafield>
  <datafield tag="090" ind1=" " ind2=" ">
    <subfield code="a">6241841</subfield>
    <subfield code="c">6241841</subfield>
  </datafield>
  <datafield tag="100" ind1=" " ind2=" ">
    <subfield code="a">20021204d1991    |||y0rusy50      ca</subfield>
  </datafield>
  <datafield tag="101" ind1="0" ind2=" ">
    <subfield code="a">rus</subfield>
  </datafield>
  <datafield tag="102" ind1=" " ind2=" ">
    <subfield code="a">RU</subfield>
  </datafield>
  <datafield tag="105" ind1=" " ind2=" ">
    <subfield code="a">a   |||||||||</subfield>
  </datafield>
  <datafield tag="200" ind1="1" ind2=" ">
    <subfield code="a">&#x41F;&#x440;&#x43E;&#x445;&#x43E;&#x434;&#x43D;&#x430;&#x44F; &#x43F;&#x435;&#x448;&#x43A;&#x430;</subfield>
    <subfield code="a">&#x41A;&#x43B;&#x435;&#x442;&#x43A;&#x430;</subfield>
    <subfield code="a">&#x41D;&#x430; &#x44F;&#x437;&#x44B;&#x43A;&#x435; &#x43F;&#x43B;&#x430;&#x43C;&#x435;&#x43D;&#x438;</subfield>
    <subfield code="e">&#x420;&#x43E;&#x43C;&#x430;&#x43D;&#x44B;</subfield>
    <subfield code="f">&#x412;&#x438;&#x43A;&#x442;&#x43E;&#x440; &#x41A;&#x430;&#x43D;&#x43D;&#x438;&#x43D;&#x433;</subfield>
    <subfield code="g">[&#x41F;&#x435;&#x440;&#x435;&#x432;&#x43E;&#x434; &#x441; &#x430;&#x43D;&#x433;&#x43B;. &#x412;.&#x42E;. &#x421;&#x430;&#x432;&#x432;&#x43E;&#x432;&#x430;</subfield>
    <subfield code="g">&#x418;&#x43B;.: &#x410;.&#x41F;. &#x414;&#x435;&#x440;&#x435;&#x432;&#x44F;&#x43D;&#x43A;&#x43E;]</subfield>
  </datafield>
  <datafield tag="210" ind1=" " ind2=" ">
    <subfield code="d">1991</subfield>
    <subfield code="a">&#x411;. &#x43C;.</subfield>
  </datafield>
  <datafield tag="215" ind1=" " ind2=" ">
    <subfield code="a">586, [3] &#x441;.</subfield>
    <subfield code="c">&#x438;&#x43B;.</subfield>
  </datafield>
  <datafield tag="461" ind1=" " ind2="0">
    <subfield code="1">001rc\6441</subfield>
    <subfield code="1">2001#$a&#x417;&#x43E;&#x43B;&#x43E;&#x442;&#x43E;&#x439; &#x444;&#x43E;&#x43D;&#x434; &#x434;&#x435;&#x442;&#x435;&#x43A;&#x442;&#x438;&#x432;&#x430;$e&#x412; 20 &#x442;.$f[&#x421;&#x43E;&#x441;&#x442;. &#x412;.&#x412;. &#x413;&#x430;&#x432;&#x448;&#x438;&#x43D;]$v[&#x422;. 3]</subfield>
    <subfield code="9">6241835</subfield>
    <subfield code="c">&#x414;&#x43D;&#x435;&#x43F;&#x440;&#x43E;&#x43F;&#x435;&#x442;&#x440;&#x43E;&#x432;&#x441;&#x43A;</subfield>
    <subfield code="d">1991-</subfield>
    <subfield code="f">[&#x421;&#x43E;&#x441;&#x442;. &#x412;.&#x412;. &#x413;&#x430;&#x432;&#x448;&#x438;&#x43D;]</subfield>
    <subfield code="n">&#x422;&#x418;&#x41E; "&#x414;&#x43D;&#x435;&#x43F;&#x440;&#x43A;&#x43D;&#x438;&#x433;&#x430;"</subfield>
    <subfield code="o">&#x412; 20 &#x442;.</subfield>
    <subfield code="t">&#x417;&#x43E;&#x43B;&#x43E;&#x442;&#x43E;&#x439; &#x444;&#x43E;&#x43D;&#x434; &#x434;&#x435;&#x442;&#x435;&#x43A;&#x442;&#x438;&#x432;&#x430;</subfield>
    <subfield code="y">5899750219</subfield>
    <subfield code="v">[&#x422;. 3]</subfield>
  </datafield>
  <datafield tag="604" ind1=" " ind2=" ">
    <subfield code="1">700#1$a&#x41A;&#x430;&#x43D;&#x43D;&#x438;&#x43D;&#x433;$b&#x412;.$g&#x412;&#x438;&#x43A;&#x442;&#x43E;&#x440;</subfield>
    <subfield code="1">50010$a&#x41F;&#x440;&#x43E;&#x445;&#x43E;&#x434;&#x43D;&#x430;&#x44F; &#x43F;&#x435;&#x448;&#x43A;&#x430;$2psbo</subfield>
    <subfield code="a">&#x41A;&#x430;&#x43D;&#x43D;&#x438;&#x43D;&#x433;, &#x412;&#x438;&#x43A;&#x442;&#x43E;&#x440;</subfield>
    <subfield code="t">&#x41F;&#x440;&#x43E;&#x445;&#x43E;&#x434;&#x43D;&#x430;&#x44F; &#x43F;&#x435;&#x448;&#x43A;&#x430;</subfield>
  </datafield>
  <datafield tag="801" ind1=" " ind2="0">
    <subfield code="a">RU</subfield>
    <subfield code="b">NLR</subfield>
    <subfield code="g">psbo</subfield>
  </datafield>
  <datafield tag="801" ind1=" " ind2="1">
    <subfield code="a">RU</subfield>
    <subfield code="b">ELAR</subfield>
    <subfield code="2">rusmarc</subfield>
  </datafield>
  <datafield tag="852" ind1=" " ind2=" ">
    <subfield code="a">NLR</subfield>
    <subfield code="j">91-3/11631</subfield>
  </datafield>
  <datafield tag="942" ind1=" " ind2=" ">
    <subfield code="c">BOOK</subfield>
  </datafield>
  <datafield tag="980" ind1=" " ind2=" ">
    <subfield code="a">NB</subfield>
  </datafield>
  <datafield tag="995" ind1=" " ind2=" ">
    <subfield code="5">2013-10-26</subfield>
    <subfield code="b">NLR01</subfield>
    <subfield code="c">NLR01</subfield>
    <subfield code="e">RF9</subfield>
    <subfield code="f">5296233-10</subfield>
    <subfield code="k">91-3/11631</subfield>
    <subfield code="o">0</subfield>
    <subfield code="r">BOOK</subfield>
    <subfield code="s">91311631_</subfield>
  </datafield>
</record>
